| 000 | 00787nam a22002177a 4500 | ||
|---|---|---|---|
| 003 | 0 | ||
| 005 | 20250828152354.0 | ||
| 008 | 250828b xxu||||| |||| 00| 0 eng d | ||
| 020 | _a978-1-5013-9307-5 | ||
| 050 |
_aPN 1995.9.N34 _b.T43 2024 |
||
| 100 |
_aThanouli, Eleftheria, _eauthor. |
||
| 245 |
_aA Guide to post-classical narration : _bthe future of film storytelling / _cEleftheria Thanouli. |
||
| 260 |
_aNew York, NY : _bBloomsbury Academic, _c2024. |
||
| 300 |
_aviii, 275 pages : _bcolored illustrations ; _c23 cm. |
||
| 504 | _aIncludes bibliographical references and index. | ||
| 650 | _aNarration (Rhetoric) in motion pictures. | ||
| 650 |
_aMotion pictures _xPlots, themes, etc. |
||
| 650 |
_aMotion pictures _xAesthetics. |
||
| 650 | _aFilm criticism. | ||
| 942 |
_2lcc _cBK |
||
| 999 |
_c367667 _d367667 |
||